| 000 | 00732nam a2200205 i 4500 | ||
|---|---|---|---|
| 001 | 45050 | ||
| 003 | ES-MaACL | ||
| 005 | 20230906161138.0 | ||
| 007 | t| | ||
| 008 | 030325s1946 sp a |||| | spa d | ||
| 100 | 1 |
_aClaver Salas, Mariano. _939121 |
|
| 245 | 1 | 0 |
_aProblemas de química _b: ejercicios y problemas de química elemental / _cpor Mariano Claver Salas y Faustino Martínez Valdés ; prólogo de D. Emilio Jímeno. |
| 250 | _a2ª ed. corr. y aum. | ||
| 260 |
_aMadrid : _bDossat, _c1946 ( _fTíp. Artística) |
||
| 300 |
_aXII, 210 p. : _bil. ; _c25 cm. |
||
| 650 | 4 |
_aQuímica- _vProblemas. _9140566 |
|
| 700 | 1 |
_aMartínez Valdés, Faustino. _978460 |
|
| 700 | 1 |
_aJimeno, Emilio. _966638 |
|
| 852 |
_aES-MaACL _jE-1929 |
||
| 999 |
_c45050 _d45050 |
||